000 00293nam a2200121Ia 4500
008 220120s9999||||xx |||||||||||||| ||und||
020 _a9788129137326
082 _a006.3 LAG
100 _aLagger, George, F
245 0 _aArtificial intelligence
260 _bNew Delhi
300 _a196p.
_b176
999 _c136337
_d136337